• 首页
  • 本馆介绍
  • 公告通知
  • 最新文献
  • 馆藏检索
  • 电子资源
  • 读者导购
  • 参考咨询
  • 我的图书馆
  • 登录
  • 详细信息显示
  • 放入我的书架
  • 预约/预借图书
  • 作者相关作品
  • 分类相关作品
  • 丛书相关作品
  • 出版社相关作品

书目信息

  • 表格格式
  • 工作单格式
  • 卡片格式
题名:
集成电路设计原理
    
 
作者: ;复旦大学微电子教研组 编
分册:  
出版信息: 北京   人民教育出版社  1978
页数: 522页
开本: 26cm
丛书名:
单 册:
中图分类: TN431.2
科图分类:
主题词: 双极集成电路:逻辑集成电路--设计--高等学校--教学参考资料 , 逻辑集成电路:双极集成电路--设计--高等学校--教学参考资料
电子资源:
ISBN:
000 00874nam0 2200253 45
001 0178001735
005 20060814104906.68
010    @dCNY2.75
091    @a15012.037
100    @a19950731d1978 em y0chiy0121 ea
101 0  @achi
102    @aCN@b110000
105    @ay z 000yy
200 10 @a集成电路设计原理@Aji cheng dian lu she ji yuan li@e双极型逻辑集成电路@f复旦大学微电子教研组编
210    @a北京@c人民教育出版社@d1978
215    @a522页@d26cm
300    @a高等学校教学参考书
517 1  @a双极型逻辑集成电路@Ashuang ji xing luo ji ji cheng dian lu
606    @a双极集成电路:逻辑集成电路@x设计@x高等学校@x教学参考资料
606    @a逻辑集成电路:双极集成电路@x设计@x高等学校@x教学参考资料
690    @aTN431.2@v3 
711 02 @a复旦大学微电子教研组@Afu dan da xue wei dian zi jiao yan zu@4编
801  0 @aCN@bTSSF@c20060814
905    @a10447@dTN431.2@e103
    
    集成电路设计原理:双极型逻辑集成电路/复旦大学微电子教研组编.-北京:人民教育出版社,1978
    522页;26cm
    高等学校教学参考书
    
    ISBN :CNY2.75
    
●
相关链接 在E读中查询图书 在五车中查询图书 在当当中查询图书 在豆瓣中查询图书


正题名:集成电路设计原理     索取号:TN431.2/103         预约/预借

序号 登录号 条形码 馆藏地/架位号 状态 备注
1 0458132   204581327   密集书库/ [索取号:TN431.2/103] 在馆    
唐山师范学院图书馆 欢迎您!
大连网信软件有限公司© 版权所有